Normal view
MARC view
- PHYSICAL CHEMISTRY-PROBLEMS
Entry Topical Term
001 - CONTROL NUMBER
- control field: 59873
003 - CONTROL NUMBER IDENTIFIER
- control field: NUST
005 - DATE AND TIME OF LATEST TRANSACTION
- control field: 20210628202428.0
008 - FIXED-LENGTH DATA ELEMENTS
- fixed length control field: 210628|| aca||aabn | a|a d
040 ## - CATALOGING SOURCE
- Original cataloging agency: NUST
- Transcribing agency: NUST
150 ## - HEADING--TOPICAL TERM
- Topical term or geographic name entry element: PHYSICAL CHEMISTRY-PROBLEMS
670 ## - SOURCE DATA FOUND
- Source citation: Work cat.: (NUST): Singh, Ayodhya 59872, Problems in physical chemistry, 2003
